Normal view
MARC view
Entry Personal Name
001 - CONTROL NUMBER
- control field: 27564
003 - CONTROL NUMBER IDENTIFIER
- control field: OSt
005 - DATE AND TIME OF LATEST TRANSACTION
- control field: 20210923151523.0
008 - FIXED-LENGTH DATA ELEMENTS
- fixed length control field: 210923|| aca||aabn | a|a d
040 ## - CATALOGING SOURCE
- Original cataloging agency: OSt
- Transcribing agency: OSt
100 ## - HEADING--PERSONAL NAME
- Personal name: Gürkaynak R.S., Kisacikoglu, B. and Wright, J.H.
670 ## - SOURCE DATA FOUND
- Source citation: Work cat.: (OSt)517630: Gürkaynak R.S., Kisacikoglu, B. and Wright, J.H. , Missing events in event studies: Identifying the effects of partially measured news surprises
